| Поле | Название | Значение |
| |
Тип записи |
a |
| |
Библиографический уровень |
m |
| 001 |
Контрольный номер |
RU/IS/BASE/293796666 |
| 005 |
Дата корректировки |
20201206204633.7 |
| 010 |
Индекс ISBN |
__ |
| a |
ISBN |
978-5-16-002693-0 |
| d |
Цена |
387-31 |
| 101 |
Язык документа |
__ |
| a |
Язык текста |
rus |
| c |
Язык оригинала |
rus |
| 200 |
Заглавие и сведения об ответственности |
1_ |
| a |
Заглавие |
Рисунок |
| e |
Сведения, относящиеся к заглавию |
учеб. пособие |
| f |
Первые сведения об ответственности |
В. И. Жабинский, А. В. Винтова |
| b |
Общее обозначение материала |
Текст |
| 210 |
Выходные данные |
__ |
| a |
Место издания |
М. |
| c |
Издательство |
ИНФРА-М |
| d |
Дата издания |
2009 |
| 215 |
Физическое описание |
__ |
| a |
Объем |
256 с . |
| 225 |
Серия |
__ |
| a |
Серия |
Среднее профессиональное образование |
| 330 |
Аннотация |
__ |
| a |
Аннотация |
Учебное пособие составлено с учетом профиля подготовки техников по специальности "Архитектура" и предназначено в помощь учащимся для освоения теоретического материала и выполнения практических работ. Подробно рассмотрены законы линейной перспективы, композиции, конструктивного построения рисунка, распределения светотени, коллористики - весь комплекс теоретических сведений и практических рекомендаций, необходимых для овладения изобразительно-выразительными средствами рисунка. |
| 606 |
Тематические рубрики |
__ |
| a |
Основная рубрика |
Изобразительное искусство и архитектура |
| 606 |
Тематические рубрики |
__ |
| a |
Основная рубрика |
Теория графики |
| 610 |
Ключевые слова |
__ |
| a |
Ключевые слова |
рисунок; архитектурные детали; рисунок интерьера; изображение интерьера; рисование; геометрические формы; изображение человека; техника рисования; рисунок головы; учебный рисунок; рисунок женской фигуры; рисунок мужской фигуры; построение рисунка; изображение геометрических рисунков |
| a |
Ключевые слова |
учебный рисунок |
| 686 |
Индексы других классификаций |
__ |
| a |
Классификационный индекс |
85.15р |
| 700 |
Автор |
_1 |
| a |
Фамилия |
Жабинский |
| b |
Имя |
В. И. |
| 4 |
Код отношения |
070 |
| 702 |
Вторичная интеллектуальная ответственность |
_1 |
| a |
Фамилия |
Винтова |
| b |
Имя |
А. В. |
| 4 |
Код отношения |
Автор |
| 801 |
Источник записи |
_0 |
| a |
Страна |
RU |
| b |
Организация |
Муниципальное бюджетное учреждение культуры "Централизованная библиотечная система" г. Сургут (Центральная городская библиотека им. А. С. Пушкина) |
| g |
Правила каталогизации |
КиК/Елгина |
| 801 |
Источник записи |
_1 |
| a |
Страна |
RU |
| b |
Организация |
Муниципальное бюджетное учреждение культуры "Централизованная библиотечная система" г. Сургут (Центральная городская библиотека им. А. С. Пушкина) |
| g |
Правила каталогизации |
КиК/Елгина |
| 852 |
Данные о местонахождении |
__ |
| j |
Шифр хранения |
85.15р |
| c |
Каталожный индекс |
85.15я723 |
| i |
Авторский знак |
Ж 12 |
| 901 |
Тип документа |
__ |
| t |
Тип документа |
m |
| 903 |
Характеристики (МАРС) |
__ |
| a |
Дата передачи |
20090504 |
| 969 |
Тип издания |
__ |
| a |
Тип издания |
учебное пособие |
| 990 |
Данные о заказе (DOS) |
__ |
| j |
Количество экземпляров (DOS) |
1 |
| t |
N записи в КСУ для И/У (DOS) |
200905 |